000
00337pam a2200157a 44500
008
230515b1972 xxu||||| |||| 00| 0 eng d
020
_a
NULL
041
_a
ENGLISH
082
_a
630
100
_a
1249-1972
245
_a
SELECTION OF GRINDING WHEELS
250
_a
0
260
_a
DELHI
_b
ISI
_c
1972
300
_a
12
650
_a
NULL
999
_c
651918
_d
651918